000 00210nam a22000857a 4500
008 170626b xxu||||| |||| 00| 0 eng d
100 _93674
_aChhabra. T. N
245 _aBusiness Studies XI
260 _aNew Delhi
_c2009
999 _c7090
_d7090